Les plus gros transferts du Football - Statistiques

Statistiques générales
  • Ce quiz a été pris 1 200 fois
    133 depuis la dernière actualisation
  • Le résultat moyen est 42 sur 50
Statistiques - réponses
Saison Pays Club de départ Club d'arrivée Montant Joueur % Correct
2018/19 France AS Monaco PSG 180M€ Kylian Mbappé
100%
2017/18 Brésil FC Barcelone PSG 222M€ Neymar Jr
100%
2023/24 Brésil PSG Al-Hilal 90M€ Neymar Jr
100%
2013/14 Brésil Santos FC Barcelone 88M€ Neymar Jr
100%
2018/19 Portugal Real Madrid Juventus 117M€ Cristiano Ronaldo
96%
2009/10 Portugal Manchester United Real Madrid 94M€ Cristiano Ronaldo
96%
2017/18 France Borussia Dortmund FC Barcelone 148M€ Ousmane Dembélé
96%
2019/20 France Atlético Madrid FC Barcelone 120M€ Antoine Griezmann
94%
2019/20 Belgique Chelsea Real Madrid 120M€ Eden Hazard
93%
2016/17 France Juventus Manchester United 105M€ Paul Pogba
93%
2022/23 Suède Real Sociedad Newcastle 77M€ Alexandar Isak
92%
2025/26 Suède Newcastle Liverpool 145M€ Alexander Isak
92%
2013/14 Pays de Galles Tottenham Real Madrid 101M€ Gareth Bale
92%
2023/24 Angleterre Borussia Dortmund Real Madrid 127M€ Jude Bellingham
90%
2021/22 Belgique Inter Milan Chelsea 113M€ Romelu Lukaku
90%
2017/18 Belgique Everton Manchester United 84M€ Romelu Lukaku
90%
2025/26 Allemagne Bayer Leverkusen Liverpool 125M€ Florian Wirtz
89%
2017/18 Brésil Liverpool FC Barcelone 135M€ Philippe Coutinho
89%
2025/26 France Eintracht Francfort Liverpool 95M€ Hugo Ekitiké
88%
2022/23 Argentine SL Benfica Chelsea 121M€ Enzo Fernández
87%
2019/20 Portugal SL Benfica Atlético Madrid 127M€ João Félix
86%
2015/16 Belgique VfL Wolfsburg Manchester City 76M€ Kevin De Bruyne
86%
2001/02 France Juventus Real Madrid 77M€ Zinédine Zidane
86%
2023/24 Angleterre Tottenham Bayern Munich 95M€ Harry Kane
85%
2021/22 Angleterre Aston Villa Manchester City 117M€ Jack Grealish
84%
2019/20 Pays-Bas Ajax FC Barcelone 86M€ Frenkie de Jong
83%
2023/24 France Eintracht Francfort PSG 95M€ Randal Kolo Muani
83%
2020/21 Nigeria Lille OSC SSC Napoli 78M€ Victor Osimhen
83%
2022/23 France AS Monaco Real Madrid 80M€ Aurélien Tchouaméni
82%
2014/15 Uruguay Liverpool FC Barcelone 81M€ Luis Suárez
81%
2023/24 Équateur Brighton Chelsea 116M€ Moisés Caicedo
81%
2019/20 Côte d'Ivoire Lille OSC Arsenal 80M€ Nicolas Pépé
81%
2017/18 Pays-Bas Southampton Liverpool 84M€ Virgil van Dijk
81%
2023/24 Angleterre West Ham Arsenal 116M€ Declan Rice
80%
2023/24 Croatie RB Leipzig Manchester City 90M€ Josko Gvardiol
80%
2022/23 Brésil Ajax Manchester United 95M€ Antony
79%
2022/23 Uruguay SL Benfica Liverpool 85M€ Darwin Núñez
79%
2019/20 Pays-Bas Ajax Juventus 85M€ Matthijs de Ligt
78%
2019/20 France Atlético Madrid Bayern Munich 80M€ Lucas Hernández
77%
2016/17 Argentine SSC Napoli Juventus 90M€ Gonzalo Higuaín
74%
2021/22 Angleterre Borussia Dortmund Manchester United 85M€ Jadon Sancho
74%
2021/22 Serbie Fiorentina Juventus 83M€ Dusan Vlahović
73%
2022/23 France Leicester City Chelsea 80M€ Wesley Fofana
71%
2019/20 Angleterre Leicester City Manchester United 87M€ Harry Maguire
70%
2023/24 Danemark Atalanta Bergame Manchester United 77M€ Rasmus Højlund
70%
2020/21 Allemagne Bayer Leverkusen Chelsea 100M€ Kai Havertz
69%
2025/26 Slovénie RB Leipzig Manchester United 76M€ Benjamin Sesko
68%
2024/25 Colombie Aston Villa Al-Nassr 77M€ Jhon Durán
66%
2018/19 Espagne Athlétic Bilbao Chelsea 80M€ Kepa Arrizabalaga
66%
2020/21 Brésil FC Barcelone Juventus 80M€ Arthur Melo
64%
Aucun quiz correspondant
Distribution des résultats
% des personnes avec chaque résultat
Percentile par nombre de réponses
Votre historique - résultats
Vous n’avez pas pris ce quiz depuis la dernière actualisation